[Event "Philadelphia op 16th"]
[Site "Philadelphia"]
[Date "2023.06.25"]
[Round "3"]
[White "Sinha, Sahil"]
[Black "Martin, Sam B"]
[Result "1-0"]
[WhiteElo "2317"]
[BlackElo "2016"]
[PlyCount "81"]
[EventDate "2023.06.24"]
[EventType "swiss"]
[EventRounds "9"]
[EventCountry "USA"]
[SourceTitle "CBM 215 Extra"]
[Source "ChessBase"]
[SourceDate "2023.09.30"]
[SourceVersion "1"]
[SourceVersionDate "2023.09.30"]
[SourceQuality "1"]

1. d4 d5 2. c4 c6 3. Nf3 Nf6 4. Qc2 dxc4 5. Qxc4 e6 6. g3 b5 7. Qc2 Bb7 8. Bg2 Nbd7 9. Nc3 c5 10. 0-0 Qb6 11. Rd1 Rc8 12. Be3 Ng4 13. Qd2 Nxe3 14. Qxe3 cxd4 15. Qxd4 Qxd4 16. Nxd4 Bxg2 17. Kxg2 a6 18. Rac1 Nf6 19. a4 b4 20. Na2 Rxc1 21. Rxc1 Kd7 22. Nc6 Bd6 23. Ncxb4 Rb8 24. Nd3 e5 25. b4 Nd5 26. e4 Nxb4 27. Naxb4 Bxb4 28. Nxe5+ Ke8 29. Rc6 a5 30. f4 Rd8 31. Kf3 f6 32. Nc4 Rd1 33. Kg4 Ra1 34. Kf5 Ke7 35. Rc7+ Kd8 36. Rxg7 Rxa4 37. Nb6 Ra2 38. Rxh7 Bc5 39. Nd5 Bd4 40. Nxf6 Kc8 41. e5 1-0

[Event "Dulles Skyline op-A"]
[Site "Dulles"]
[Date "2022.10.10"]
[Round "5"]
[White "Quirke, Jeffrey"]
[Black "Martin, Sam B"]
[Result "0-1"]
[WhiteElo "2047"]
[BlackElo "1804"]
[PlyCount "108"]
[EventDate "2022.10.08"]
[EventType "swiss"]
[EventRounds "6"]
[EventCountry "USA"]
[SourceTitle "CBM 210 Extra"]
[Source "ChessBase"]
[SourceDate "2022.11.30"]
[SourceVersion "1"]
[SourceVersionDate "2022.11.30"]
[SourceQuality "1"]

1. d4 d5 2. c4 c6 3. Nc3 Nf6 4. e3 a6 5. Qc2 g6 6. Bd3 Bg7 7. Nf3 Bg4 8. Ne5 Be6 9. c5 Nbd7 10. Nxd7 Nxd7 11. 0-0 b5 12. cxb6 Nxb6 13. Na4 Nxa4 14. Qxa4 Bd7 15. Qc2 e5 16. Bd2 0-0 17. dxe5 Bxe5 18. Bc3 Qc7 19. Bxe5 Qxe5 20. b3 a5 21. Rfc1 Rfb8 22. Rab1 Rb4 23. Qc3 Qxc3 24. Rxc3 a4 25. Bc2 axb3 26. Bxb3 Kf8 27. Rc5 Ke7 28. Rbc1 h5 29. h3 h4 30. Kf1 g5 31. f3 f5 32. Kf2 Kd6 33. R5c3 Ra5 34. Rd1 Be6 35. Rd2 c5 36. Bd1 f4 37. exf4 gxf4 38. Rb3 Rxb3 39. axb3 Rb5 40. Ra2 d4 41. Ra3 c4 42. bxc4 Rb2+ 43. Ke1 Bxc4 44. Ra8 Rxg2 45. Rc8 Kd5 46. Ba4 d3 47. Rf8 Ra2 48. Bd1 Ke5 49. Re8+ Kd4 50. Re4+ Kc3 51. Rxf4 d2+ 52. Kf2 Ra1 53. Rxc4+ Kxc4 54. Ke2 Kc3 0-1

[Event "Dulles Skyline op-A"]
[Site "Dulles"]
[Date "2022.10.08"]
[Round "1"]
[White "Martin, Sam B"]
[Black "Treger, Effim"]
[Result "1/2-1/2"]
[WhiteElo "1804"]
[BlackElo "1932"]
[PlyCount "133"]
[EventDate "2022.10.08"]
[EventType "swiss"]
[EventRounds "6"]
[EventCountry "USA"]
[SourceTitle "CBM 210 Extra"]
[Source "ChessBase"]
[SourceDate "2022.11.30"]
[SourceVersion "1"]
[SourceVersionDate "2022.11.30"]
[SourceQuality "1"]

1. d4 Nf6 2. c4 g6 3. f3 Bg7 4. e4 d6 5. Nc3 Nfd7 6. Bg5 c5 7. d5 Qa5 8. Qd2 Na6 9. Nh3 Nc7 10. a4 Nb6 11. Nf2 Qb4 12. Ncd1 Na6 13. a5 h6 14. Be3 Qxd2+ 15. Bxd2 Nd7 16. Nd3 Ne5 17. Bc3 Nxd3+ 18. Bxd3 Bd4 19. Kd2 0-0 20. Ne3 e5 21. dxe6 fxe6 22. e5 Bxe3+ 23. Kxe3 d5 24. Ke2 Kg7 25. Rhf1 Bd7 26. cxd5 exd5 27. e6+ d4 28. exd7 dxc3 29. bxc3 Rad8 30. Bb5 Nc7 31. Ba4 b5 32. axb6 axb6 33. c4 Rf4 34. Rfc1 Ne6 35. Kf2 Rd4 36. Re1 Kf6 37. Rad1 Rxd1 38. Rxd1 Ke7 39. Re1 Kd6 40. g3 g5 41. Ke3 Nd4 42. Rd1 Kc7 43. Ke4 Ra8 44. Bb5 Nxb5 45. cxb5 Rd8 46. f4 gxf4 47. gxf4 Rxd7 48. Rg1 Rd4+ 49. Ke5 Rb4 50. f5 Kd7 51. f6 Rb2 52. Rg7+ Ke8 53. Rb7 c4 54. Rxb6 c3 55. Rb7 Re2+ 56. Kd4 c2 57. Rc7 Kd8 58. Rc6 Kd7 59. f7 Ke7 60. Kd3 Re5 61. Rc7+ Kf8 62. b6 Rb5 63. Kxc2 Rxb6 64. Kd3 Rf6 65. Ke4 Rxf7 66. Rxf7+ Kxf7 67. Kd3 1/2-1/2